Clínica rural de los bovinos /
Guardado en:
| Autor Principal: | |
|---|---|
| Formato: | Libro |
| Publicado: |
Buenos Aires :
Hemisferio Sur,
1987
|
| Materias: | |
| Etiquetas: |
Agregar Etiqueta
Sin Etiquetas, Sea el primero en etiquetar este registro!
|
| LEADER | 00888nam a22001935a 4500 | ||
|---|---|---|---|
| 001 | CEM.cems018009 | ||
| 005 | 20130509113833.0 | ||
| 008 | 130507s1987##################000#0#####d | ||
| 003 | CEMS | ||
| 020 | |a 9505043856 | ||
| 082 | 0 | 4 | |a 636.2089 |
| 100 | 1 | |a Renner, Juan Enrique | |
| 245 | 1 | 0 | |a Clínica rural de los bovinos / |c Juan Enrique Renner |
| 260 | |a Buenos Aires : |b Hemisferio Sur, |c 1987 | ||
| 300 | |a 205 p. | ||
| 505 | 0 | |a Examen clínico del rebaño bovino -- Indigestiones -- Enfermedades infecciosas -- Intoxicaciones -- Enfermedades carenciales y metabólicas -- Enfermedades alérgicas -- Enfermedades de las pezuñas -- Enfermedades de la ubre -- Cirugía -- Planes sanitarios en la explotación bovina -- El uso de medicamentos en el bovino | |
| 653 | |a Enfermedades de los bovinos | ||
| 653 | |a Bovinos-enfermedades | ||
| 859 | |a CEMS |b BIB. CEMS - Agricultura |h 636.2089 |i R295 |p A1860.13 |t Ej.1 | ||
